000 00646 a2200193 4500
003 Nust
005 20221014110552.0
010 _a 93223006
020 _a0024149403
040 _cNust
082 0 0 _a604.2,SPE
245 0 0 _aEngineering graphics problems :
_pSeries I /
_cHenry Cecil Spencer ... [et al.].
250 _a2nd. ed.
260 _aNew York :
_bMacmillan Pub. Co.,
_cc1993.
300 _a1 v. (various pagings) ;
_c28 cm.
505 _aTechnical Drawing (Page-1), Descriptive Geometry (Page-48), Graphs and Graphical Computation (Page-87).
650 0 _aEngineering graphics
_xProblems, exercises, etc.
_9100294
942 _2ddc
_cBK
999 _c183028
_d183028